Esquema de historia del teatro / por Guillermo Díaz-Plaja ...
Descripción Física:
79 p. : il. ; 17 cm
Colección:
Estudios. tercera serie ; 1
Materias:
Teatre -- Història
MARC
| LEADER | 00000nam a2200000Ia 4500 | ||
|---|---|---|---|
| 001 | 8363 | ||
| 008 | 160829s1964 xx 000 0 cat d | ||
| 080 | |a B-1-259 | ||
| 100 | 1 | |a Díaz-Plaja, Guillermo, |d 1909-1984 |9 20224 | |
| 245 | |a Esquema de historia del teatro / por Guillermo Díaz-Plaja ... | ||
| 260 | |a Barcelona : |b Instituto del Teatro de la Excma. Diputación Provincial de Barcelona, |c 1964 | ||
| 300 | |a 79 p. : |b il. ; |c 17 cm | ||
| 490 | |a Estudios. tercera serie ; 1 | ||
| 650 | |a Teatre |x Història |9 20214 | ||
| 710 | 2 | |a Instituto del Teatro (Barcelona, Catalunya) |9 54846 | |
| 901 | |a Arxiu | ||
| 942 | |n 1 |2 udc | ||
| 952 | |0 0 |1 0 |4 0 |6 B1259 |7 1 |9 41498 |a Arxiu |b Arxiu |d 2016-12-01 |l 0 |o B-1-259 |p 8363 |r 2016-12-01 00:00:00 |w 2016-12-01 |y ARXIU | ||
| 999 | |c 43306 |d 43306 | ||